Estadísticas para ¿Existe?

Haz click aquí para intentar la prueba.

Estadísticas generales

  • Esta prueba ha sido intentada 3.123 veces
    (3.111 desde el último reinicio)
  • La puntuación promedio es 9 de 15

Estadísticas de respuestas

PreguntaRespuesta% Correcto
¿Aún existe un país que se llama Zaire?No
91%
¿Hay un parque temático que se llama Legoland?
90%
¿Tiene una presencia en Área 51 el militar de EE. UU.?
82%
¿Aún ocurre la tauromaquia en España?
81%
¿Existen especies de monos que son nativas al hemisferio occidental?
79%
¿Hay rocas del planeta Marte aquí en la Tierra?
75%
¿Aún hay gente que contrae la lepra?
70%
¿Hay una vacuna para la varicela?
69%
¿Existen delfines de agua dulce?
61%
¿Existen árboles más altos que el Empire State building?No
59%
¿Hay veteranos de la Primera Guerra Mundial que quedan vivos?No
52%
¿Aún existe la ciudad bíblica de Jericó?
45%
¿Existe gente viva que ha tenido un trasplante de corazón con un cerdo?No
37%
¿Existe gente que actualmente contrae la viruela?No
33%
¿Existen individuos con patrimonio neto de al menos un billón de euros?No
17%

Distribución de puntuación

Porcentaje por número respondido

Porcentaje de gente con cada puntuación

Historial de tus puntuaciones

No has intentado esta prueba desde el último reinicio